[Event "World Rapid Women 2021"]
[Site "Warsaw POL"]
[Date "2021.12.28"]
[Round "11.15"]
[White "Kiolbasa, Oliwia"]
[Black "Pourkashiyan, Atousa"]
[Result "1/2-1/2"]
[WhiteTitle "WIM"]
[BlackTitle "WGM"]
[WhiteElo "2399"]
[BlackElo "2322"]
[WhiteFideId "1154613"]
[BlackFideId "12502014"]
[EventDate "2021.12.26"]

1. e4 c5 2. Nf3 e6 3. d4 cxd4 4. Nxd4 a6 5. Be2 Nf6 6. Nc3 Qc7 7. O-O Nc6 8. Be3
Be7 9. f4 d6 10. Qe1 O-O 11. Qg3 Nxd4 12. Bxd4 b5 13. a3 Bb7 14. Rae1 g6 15. f5
e5 16. Be3 Bxe4 17. fxg6 Bxg6 18. Rxf6 Bxf6 19. Nd5 Qd8 20. Bb6 Bh4 21. Bxd8
Bxg3 22. Bf6 h6 23. hxg3 Bxc2 24. Bf3 Ra7 25. Be7 Rxe7 26. Nxe7+ Kg7 27. Rc1 Bd3
28. Rc6 Re8 29. Rxd6 Rxe7 30. Rxd3 e4 31. Re3 f5 32. g4 Kf6 33. gxf5 Kxf5 34.
Be2 Rd7 35. Kf2 Rd2 36. b4 Ra2 37. Rh3 Kg5 38. Rc3 Kf4 39. g3+ Ke5 40. Ke3 Ra1
41. Bg4 Re1+ 42. Kd2 Rg1 43. Bc8 Kd4 44. Rb3 Rg2+ 45. Ke1 e3 46. Bxa6 Rg1+ 47.
Ke2 Rg2+ 48. Kf1 Rxg3 49. Rb1 Rg5 50. a4 bxa4 51. b5 Kc3 52. b6 a3 53. b7 Rg8
54. Rc1+ Kd2 55. Ra1 e2+ 56. Bxe2 Rf8+ 57. Kg2 Kxe2 58. Ra2+ Kd1 59. Rxa3 Rb8
60. Ra7 Ke2 61. Kg3 Ke3 62. Kg4 Ke4 63. Kh5 Kd5 64. Kxh6 Kc6 65. Kg6 Rxb7 66.
Rxb7 Kxb7 1/2-1/2

[Event "World Rapid Women 2021"]
[Site "Warsaw POL"]
[Date "2021.12.28"]
[Round "11.16"]
[White "Atalik, Ekaterina"]
[Black "Sliwicka, Alicja"]
[Result "1-0"]
[WhiteTitle "IM"]
[BlackTitle "WIM"]
[WhiteElo "2420"]
[BlackElo "2289"]
[WhiteFideId "4130189"]
[BlackFideId "1150677"]
[EventDate "2021.12.26"]

1. d4 Nf6 2. Nf3 c5 3. d5 e6 4. c4 b5 5. dxe6 fxe6 6. cxb5 d5 7. Nc3 Nbd7 8. Bg5
Bb7 9. e3 Bd6 10. Be2 O-O 11. O-O Qe8 12. Bh4 e5 13. Bg3 Rd8 14. a4 Kh8 15. a5
Bb8 16. b6 a6 17. Re1 Qf7 18. e4 d4 19. Ng5 Qg8 20. Nd5 Rfe8 21. Bc4 Nxd5 22.
exd5 Nf6 23. Ne6 Bxd5 24. Nxd8 Rxd8 25. Bxa6 Ne4 26. Bd3 Nxg3 27. hxg3 c4 28.
Be4 d3 29. a6 d2 30. Re2 c3 31. bxc3 Bb3 32. Qxd2 Rxd2 33. Rxd2 h5 34. a7 Bxa7
35. bxa7 1-0

[Event "World Rapid Women 2021"]
[Site "Warsaw POL"]
[Date "2021.12.28"]
[Round "11.17"]
[White "Pavlidou, Ekaterini"]
[Black "Padmini, Rout"]
[Result "1-0"]
[WhiteTitle "WIM"]
[BlackTitle "IM"]
[WhiteElo "2203"]
[BlackElo "2345"]
[WhiteFideId "4213262"]
[BlackFideId "5029295"]
[EventDate "2021.12.26"]

1. d4 Nf6 2. c4 e6 3. Nc3 c5 4. d5 exd5 5. cxd5 d6 6. h3 g6 7. Bf4 a6 8. a4 Bg7
9. e3 O-O 10. Nf3 Bf5 11. Nd2 Ne8 12. g4 Bc8 13. Nc4 f5 14. g5 Qc7 15. h4 Nd7
16. a5 b5 17. axb6 Nxb6 18. h5 Nxc4 19. Bxc4 Rb8 20. hxg6 hxg6 21. Qe2 Qb6 22.
Nd1 Nc7 23. f3 Bd7 24. Rc1 Kf7 25. Rh7 Rh8 26. Rxg7+ Kxg7 27. b3 Kg8 28. Qb2 Ne8
29. Nf2 Bb5 30. Qe2 Qa5+ 31. Kf1 Qa3 32. e4 Bxc4 33. Rxc4 Qxb3 34. exf5 Qb1+ 35.
Kg2 Qxf5 36. Ng4 Qf7 37. Re4 Kf8 38. Bg3 Qxd5 39. Rf4+ Kg8 40. Qe7 Qd2+ 41. Nf2
Qxf4 42. Bxf4 Rh7 43. Qe6+ Rf7 44. Ng4 Kg7 45. Nh6 Rxf4 46. Qg8# 1-0

[Event "World Rapid Women 2021"]
[Site "Warsaw POL"]
[Date "2021.12.28"]
[Round "11.18"]
[White "Zatonskih, Anna"]
[Black "Muetsch, Annmarie"]
[Result "0-1"]
[WhiteTitle "IM"]
[BlackTitle "WIM"]
[WhiteElo "2403"]
[BlackElo "2279"]
[WhiteFideId "14101572"]
[BlackFideId "12971367"]
[EventDate "2021.12.26"]

1. d4 d6 2. e4 Nf6 3. Nc3 e5 4. Nge2 c6 5. g3 b5 6. Bg2 Qc7 7. O-O Be7 8. h3 h5
9. Be3 Bd7 10. f4 exf4 11. Nxf4 b4 12. Nce2 a5 13. Qd2 Na6 14. c4 Rd8 15. Rae1
Qc8 16. Kh2 Nc7 17. Nd3 d5 18. exd5 cxd5 19. cxd5 Ncxd5 20. Ne5 Be6 21. Rc1 Qa6
22. Bg5 Rd6 23. Nf4 Ng4+ 24. hxg4 Bxg5 25. gxh5 Rxh5+ 26. Kg1 Nxf4 27. gxf4 Bd8
28. Nc6 Bb6 29. f5 Bd7 30. Qf4 Rhh6 31. Rfe1+ Kf8 32. Nb8 Qa7 33. Nxd7+ Qxd7 34.
Kf1 Rxd4 35. Qe5 Rhh4 36. Re4 Rd1+ 37. Re1 Qd3+ 38. Qe2 Rf4+ 0-1

[Event "World Rapid Women 2021"]
[Site "Warsaw POL"]
[Date "2021.12.28"]
[Round "11.19"]
[White "Goraj, Barbara"]
[Black "Garifullina, Leya"]
[Result "0-1"]
[WhiteTitle "WCM"]
[BlackTitle "WGM"]
[WhiteElo "2044"]
[BlackElo "2414"]
[WhiteFideId "21816166"]
[BlackFideId "34127035"]
[EventDate "2021.12.26"]

1. e4 c5 2. Nf3 d6 3. d4 cxd4 4. Nxd4 Nf6 5. Nc3 a6 6. h3 e5 7. Nb3 Be6 8. f4 g6
9. Be2 Nbd7 10. O-O Rc8 11. f5 gxf5 12. exf5 Bc4 13. Bxc4 Rxc4 14. Qd3 Qc7 15.
Be3 Rg8 16. Nd2 Rh4 17. Rf3 Be7 18. Rd1 e4 19. Qd4 d5 20. Nxd5 Nxd5 21. Nxe4
Qxc2 22. Bf2 Qxe4 23. Qxd5 Qxd5 24. Rxd5 Rc4 25. Re3 f6 26. Rb3 b5 27. a4 Rxa4
28. Rc3 Ne5 29. Kf1 Ra1+ 30. Ke2 Rxg2 31. Rc8+ Kf7 32. Rh8 Kg7 33. Re8 Bb4 34.
Ke3 Rf1 35. Bh4 Rf3+ 36. Kd4 Rd3+ 37. Ke4 Re2+ 38. Kf4 Rf3# 0-1

[Event "World Rapid Women 2021"]
[Site "Warsaw POL"]
[Date "2021.12.28"]
[Round "11.20"]
[White "Mamedjarova, Zeinab"]
[Black "Socko, Monika"]
[Result "0-1"]
[WhiteTitle "WGM"]
[BlackTitle "GM"]
[WhiteElo "2249"]
[BlackElo "2393"]
[WhiteFideId "13401521"]
[BlackFideId "1106619"]
[EventDate "2021.12.26"]

1. d4 e6 2. Nf3 b6 3. e4 Bb7 4. Bd3 c5 5. c3 d6 6. O-O Nd7 7. Qe2 e5 8. dxe5
dxe5 9. Bb5 a6 10. Bc4 Bd6 11. Rd1 Qe7 12. Bg5 Ngf6 13. Nh4 g6 14. a4 h6 15. Be3
Nxe4 16. Nf3 Ndf6 17. Nbd2 Kf8 18. Nxe4 Nxe4 19. Bd5 Bxd5 20. Rxd5 Nf6 21. Rd2
Kg7 22. Rad1 Rhd8 23. h3 a5 24. Qc4 e4 25. Ne1 Bc7 26. Qe2 Rxd2 27. Rxd2 Rd8 28.
Nc2 Qe8 29. Rxd8 Qxd8 30. Na3 Qd6 31. g3 Qd7 32. Kg2 Qxa4 33. Nb5 Be5 34. Na3
Qd7 35. Nc4 Bc7 36. Qd2 Qxd2 37. Nxd2 g5 38. c4 Kg6 39. b3 Kf5 40. g4+ Ke6 41.
f3 exf3+ 42. Kxf3 Nd7 43. Ke4 Nf6+ 44. Kf3 Ne8 45. h4 gxh4 46. Bxh6 h3 47. Be3
h2 48. Kg2 Nf6 49. g5 Ng4 50. Nf1 Kf5 51. Bd2 Bf4 52. Be1 Kxg5 53. Nd2 Bxd2 54.
Bxd2+ Kf5 55. Be1 Ke4 56. Bg3 f5 57. Bc7 f4 58. Bxb6 f3+ 0-1

[Event "World Rapid Women 2021"]
[Site "Warsaw POL"]
[Date "2021.12.28"]
[Round "11.21"]
[White "Movsesian, Julia"]
[Black "Lach, Aleksandra"]
[Result "1/2-1/2"]
[WhiteTitle "WGM"]
[BlackTitle "WIM"]
[WhiteElo "2300"]
[BlackElo "2198"]
[WhiteFideId "4139690"]
[BlackFideId "1134299"]
[EventDate "2021.12.26"]

1. e4 c5 2. Nc3 Nc6 3. Bb5 Nd4 4. Bc4 e6 5. Nge2 Nf6 6. O-O a6 7. a4 d6 8. d3
Be7 9. Nxd4 cxd4 10. Ne2 e5 11. c3 dxc3 12. bxc3 O-O 13. Qb3 Nd7 14. d4 Nb6 15.
Bd3 Be6 16. Qb1 Qc7 17. a5 Nd7 18. Ng3 f6 19. Bd2 Rfb8 20. Qd1 Nf8 21. d5 Bd7
22. h4 Ng6 23. h5 Nf4 24. Bxf4 exf4 25. Ne2 Bg4 26. f3 Bxh5 27. Nxf4 Bf7 28. Ne2
Qc5+ 29. Kh2 Bd8 30. Qa4 b5 31. Qd4 Rc8 32. Rfc1 f5 33. Qxc5 Rxc5 34. exf5 Bxd5
35. Nf4 Bc4 36. Rd1 Bf6 37. Be4 Rd8 38. Rac1 Be5 39. g3 Bxf4 40. gxf4 d5 41. Bc2
Kf7 42. Re1 Rc6 43. Re5 d4 44. cxd4 Rxd4 45. Be4 Rcd6 46. Kg3 Rd2 47. Rc5 Ra2
48. Bb7 Rdd2 49. Rg1 Rxa5 50. Be4 Rd7 51. f6 g6 52. f5 Kxf6 53. fxg6 hxg6 54.
Kf4 Bf7 55. Rc6+ Ke7 56. Bxg6 Ra4+ 57. Be4 Rd6 58. Rc7+ Rd7 59. Rc6 Rd6 60. Rc7+
Rd7 1/2-1/2

[Event "World Rapid Women 2021"]
[Site "Warsaw POL"]
[Date "2021.12.28"]
[Round "11.22"]
[White "Vantika, Agrawal"]
[Black "Bodnaruk, Anastasia"]
[Result "1/2-1/2"]
[WhiteTitle "WGM"]
[BlackTitle "IM"]
[WhiteElo "2381"]
[BlackElo "2396"]
[WhiteFideId "25050389"]
[BlackFideId "4181751"]
[EventDate "2021.12.26"]

1. d4 Nf6 2. c4 g6 3. Nf3 Bg7 4. g3 O-O 5. Bg2 d6 6. O-O Nc6 7. Nc3 e5 8. dxe5
dxe5 9. Bg5 Be6 10. Qc1 Qc8 11. Rd1 Rd8 12. Rxd8+ Qxd8 13. b4 Nxb4 14. Rb1 Nc6
15. Rxb7 Na5 16. Rb2 Nxc4 17. Rc2 h6 18. Bxf6 Bxf6 19. Ne4 Nd6 20. Nxf6+ Qxf6
21. Nxe5 Rd8 22. Nc6 Re8 23. e4 Nc8 24. Qxh6 Qa1+ 25. Qc1 Qxc1+ 26. Rxc1 Bxa2
27. Nb4 Bb3 28. Na6 Nd6 29. Rc3 Bc4 30. Nxc7 Re7 31. Nd5 Bxd5 32. exd5 Re1+ 33.
Bf1 Rd1 34. Kg2 Rxd5 35. Bc4 Rd4 36. Bd3 a5 37. Ra3 Rd5 38. Kf3 Re5 39. h4 f5
40. Ra4 Kg7 41. Rd4 Nf7 42. Rd7 Kf6 43. Bc4 Re7 44. Rxe7 Kxe7 45. Bxf7 Kxf7 46.
Ke3 Ke6 47. Kd4 f4 48. g4 f3 49. Kc4 Ke5 50. Kb5 Kf4 51. h5 gxh5 52. gxh5 Kg5
53. Kxa5 Kxh5 54. Kb4 Kg4 55. Kc3 Kf5 56. Kd4 Kf4 57. Kd3 Kf5 58. Ke3 Kg4 59.
Ke4 Kg5 60. Kxf3 Kf5 61. Ke3 Ke5 62. f4+ Kf5 63. Kf3 Kf6 64. Ke4 Ke6 65. f5+ Kf6
66. Kf4 Kf7 67. Kg5 Kg7 68. f6+ Kf7 69. Kf5 Kf8 70. Ke6 Ke8 71. f7+ Kf8 72. Kf6 1/2-1/2

[Event "World Rapid Women 2021"]
[Site "Warsaw POL"]
[Date "2021.12.28"]
[Round "11.23"]
[White "Bulmaga, Irina"]
[Black "Semenova, Elena1"]
[Result "1/2-1/2"]
[WhiteTitle "IM"]
[BlackTitle "WIM"]
[WhiteElo "2390"]
[BlackElo "2278"]
[WhiteFideId "13903063"]
[BlackFideId "24125148"]
[EventDate "2021.12.26"]

1. e4 e5 2. Nf3 Nf6 3. d4 Nxe4 4. Bd3 d5 5. Nxe5 Nd7 6. Nxd7 Bxd7 7. O-O Nf6 8.
Re1+ Be7 9. Nd2 O-O 10. Nf3 Bg4 11. h3 Bh5 12. Bf5 Bd6 13. g4 Bg6 14. Bg5 Bxf5
15. gxf5 Be7 16. Bxf6 Bxf6 17. Qd3 Re8 18. Rxe8+ Qxe8 19. Re1 Qa4 20. b3 Qa5 21.
Kg2 h6 22. a4 Rd8 23. Re2 a6 24. Ne5 Qb6 25. f4 Qb4 26. Kf3 h5 27. Qe3 Re8 28.
Qd2 Qxd2 29. Rxd2 Be7 30. c4 dxc4 31. bxc4 Rd8 32. d5 Bb4 33. Rb2 a5 34. Nd3 b6
35. Nxb4 axb4 36. Rxb4 Ra8 37. Ke4 Kf8 38. d6 Ke8 39. f6 gxf6 40. dxc7 Kd7 41.
Kf5 Kxc7 42. Kxf6 Rd8 43. Kxf7 Rd3 44. f5 Rxh3 45. f6 h4 46. Rb5 Rf3 47. Ke7 h3
48. Rh5 Re3+ 49. Kf8 Rf3 50. f7 Kd7 51. Rh6 Rb3 52. Rh8 Rg3 53. Rg8 Rf3 54. Kg7
h2 55. Rh8 Rg3+ 56. Kf8 Rg2 57. Rh6 Kc7 58. Ke7 Re2+ 59. Kf6 Rf2+ 60. Ke6 Re2+
61. Kd5 Rf2 62. Rh7 h1=Q+ 63. Rxh1 Rxf7 64. Kd4 Rf4+ 65. Kc3 Rf2 66. Rh7+ Kc6
67. Rh6+ Kc5 68. Rh5+ Kc6 69. Rb5 Rf3+ 70. Kb4 Rf1 71. Ka3 Ra1+ 72. Kb3 Rb1+ 73.
Kc2 Rh1 74. c5 bxc5 75. Rb8 Kc7 76. Rb5 Kc6 77. Rb8 Kc7 78. Rb3 Rh2+ 79. Kb1 Rh4
80. a5 Ra4 81. Rb5 Kc6 82. Rb6+ Kc7 83. Ra6 Kb7 84. Rb6+ Kc7 85. Ra6 Kb7 1/2-1/2

[Event "World Rapid Women 2021"]
[Site "Warsaw POL"]
[Date "2021.12.28"]
[Round "11.24"]
[White "Nurgali, Nazerke"]
[Black "Bivol, Alina"]
[Result "1-0"]
[WhiteTitle "WIM"]
[BlackTitle "IM"]
[WhiteElo "2260"]
[BlackElo "2368"]
[WhiteFideId "13711261"]
[BlackFideId "4100123"]
[EventDate "2021.12.26"]

1. d4 Nf6 2. Nf3 g6 3. c4 Bg7 4. Nc3 c5 5. d5 d6 6. h3 O-O 7. e4 e6 8. Bd3 h6 9.
O-O e5 10. Be3 Nh7 11. Qd2 f5 12. exf5 gxf5 13. Bxh6 e4 14. Bxg7 Kxg7 15. Nxe4
fxe4 16. Bxe4 Bf5 17. Rae1 Nd7 18. Bxf5 Rxf5 19. Re6 Ndf6 20. Rfe1 Kh8 21. Nh4
Rg5 22. f4 Rg7 23. Qc3 Qf8 24. f5 Qf7 25. Ng6+ Rxg6 26. fxg6 Qxg6 27. Rf1 Rf8
28. Rxd6 Kg8 29. Re6 Qg5 30. Rf3 Nh5 31. Re5 Qg6 32. Rxf8+ Kxf8 33. Qe3 N7f6 34.
Qxc5+ Kg7 35. Re7+ Kh8 36. Qd6 Ng3 37. Qd8+ Ng8 38. Re1 Nf5 39. Qe8 Qb6+ 40. Kh2
Qf2 41. Qe5+ Kh7 42. Re4 Nge7 43. Rg4 Ng6 44. Qf6 Ngh4 45. Rxh4+ Qxh4 46. Qxh4+
Nxh4 47. d6 1-0

[Event "World Rapid Women 2021"]
[Site "Warsaw POL"]
[Date "2021.12.28"]
[Round "11.25"]
[White "Buksa, Nataliya"]
[Black "Paramzina, Anastasya"]
[Result "0-1"]
[WhiteTitle "IM"]
[BlackTitle "WGM"]
[WhiteElo "2401"]
[BlackElo "2260"]
[WhiteFideId "14123622"]
[BlackFideId "4165012"]
[EventDate "2021.12.26"]

1. e4 c5 2. Nf3 d6 3. Bb5+ Nd7 4. a4 Nf6 5. Nc3 g6 6. O-O a6 7. Be2 Bg7 8. a5 b5
9. axb6 Qxb6 10. d3 O-O 11. Ra3 Bb7 12. h3 Rfb8 13. Be3 Bc6 14. Ra2 e6 15. Bf4
Ne8 16. Qc1 Rb7 17. Bh6 d5 18. Bxg7 Nxg7 19. e5 Qc7 20. Qg5 Nf5 21. Nd1 Nxe5 22.
c3 d4 23. Nh2 h6 24. Qd2 Qd8 25. g4 Qd5 26. f3 Ng3 27. c4 Qd8 28. Re1 Qf6 29. f4
Nxe2+ 30. Qxe2 Nd7 31. Qf2 Rb3 32. Qg3 Nb6 33. Nf1 Nxc4 34. Qf2 Rxd3 35. Qe2
Rxh3 36. Nf2 d3 37. Qd1 Qh4 38. Nxh3 Qxh3 39. b3 Qh1+ 0-1

[Event "World Rapid Women 2021"]
[Site "Warsaw POL"]
[Date "2021.12.28"]
[Round "11.26"]
[White "Doluhanova, Evgeniya"]
[Black "Injac, Teodora"]
[Result "1/2-1/2"]
[WhiteTitle "WGM"]
[BlackTitle "WGM"]
[WhiteElo "2264"]
[BlackElo "2407"]
[WhiteFideId "14112035"]
[BlackFideId "932400"]
[EventDate "2021.12.26"]

1. Nf3 Nf6 2. d4 g6 3. Nbd2 d5 4. b4 e5 5. dxe5 Ne4 6. Nxe4 dxe4 7. Qxd8+ Kxd8
8. Ng5 Bxb4+ 9. Bd2 Bxd2+ 10. Kxd2 Ke7 11. Nxe4 Rd8+ 12. Kc3 Nd7 13. e6 Kxe6 14.
Rd1 b6 15. Ng5+ Ke7 16. e4 Bb7 17. Bb5 Ne5 18. f3 h6 19. Nh3 g5 20. Nf2 a6 21.
Be2 c5 22. h4 b5 23. hxg5 hxg5 24. Rh5 Rxd1 25. Nxd1 Kf6 26. Rh6+ Ng6 27. Ne3
Rd8 28. a3 Bc6 29. g3 Rh8 30. Rxh8 Nxh8 31. a4 Ke5 32. axb5 axb5 33. Ng4+ Ke6
34. Kd2 Ng6 35. Ke3 Ne7 36. Nf2 f5 37. Nd3 c4 38. Nb4 Bb7 39. c3 fxe4 40. fxe4
Ke5 41. Bf3 Ng8 42. Nc2 Nf6 43. Nd4 g4 44. Bg2 Bxe4 45. Bxe4 Nxe4 46. Nxb5 Nxg3
47. Na3 Nf5+ 48. Ke2 Kd5 49. Kf2 Kc5 50. Kg2 Kd5 51. Kf2 Kc5 52. Kg2 g3 53. Kf3
Kd5 54. Kg2 Ke4 55. Nxc4 Kf4 56. Nd2 Nh4+ 57. Kg1 g2 58. Kf2 Kg4 59. Nf3 Nxf3
60. Kxg2 1/2-1/2

[Event "World Rapid Women 2021"]
[Site "Warsaw POL"]
[Date "2021.12.28"]
[Round "11.27"]
[White "Kurmangaliyeva, Liya"]
[Black "Kulon, Klaudia"]
[Result "0-1"]
[WhiteTitle "FM"]
[BlackTitle "IM"]
[WhiteElo "2195"]
[BlackElo "2335"]
[WhiteFideId "13725831"]
[BlackFideId "1131044"]
[EventDate "2021.12.26"]

1. e4 e5 2. Nf3 Nc6 3. Bb5 a6 4. Ba4 d6 5. O-O Bd7 6. d4 b5 7. Bb3 exd4 8. c3
dxc3 9. Nxc3 Be6 10. Nd5 Be7 11. Bd2 Nf6 12. Rc1 Bxd5 13. exd5 Ne5 14. Ba5 Rc8
15. Nd4 O-O 16. f4 Nc4 17. Bxc4 bxc4 18. Nc6 Qd7 19. Rxc4 Rfe8 20. Qd3 Bf8 21.
h3 g6 22. Rd1 Bg7 23. Na7 Ra8 24. Rxc7 Qa4 25. b4 Qxa2 26. Rc2 Qa4 27. Rc7 Re3
28. Qd2 Ne4 29. Qc1 Rc3 30. Rxc3 Nxc3 31. Re1 Bd4+ 32. Kh1 Rxa7 33. Bb6 Bxb6 34.
Qxc3 Ra8 35. f5 Qd7 36. Rf1 Rc8 37. Qg3 Qe7 38. f6 Qe2 39. Qf4 Rc2 0-1

[Event "World Rapid Women 2021"]
[Site "Warsaw POL"]
[Date "2021.12.28"]
[Round "11.28"]
[White "Babiy, Olga"]
[Black "Smirnova, Ekaterina"]
[Result "0-1"]
[WhiteTitle "WGM"]
[BlackTitle "WIM"]
[WhiteElo "2259"]
[BlackElo "2196"]
[WhiteFideId "14117258"]
[BlackFideId "4110943"]
[EventDate "2021.12.26"]

1. d4 d5 2. Bf4 Nf6 3. e3 c5 4. Nf3 Nc6 5. Nbd2 e6 6. c3 Bd6 7. Bg3 O-O 8. Bd3
b6 9. e4 Be7 10. e5 Ne8 11. h4 f5 12. exf6 Nxf6 13. Ne5 Bb7 14. Qe2 Qe8 15. Bb5
Bd8 16. dxc5 bxc5 17. h5 Rc8 18. h6 g6 19. Nd3 Nd7 20. Bd6 c4 21. Nf4 Rxf4 22.
Bxf4 e5 23. Nf3 Bf6 24. Bg5 e4 25. O-O-O exf3 26. Qd2 Bxg5 27. Qxg5 Nce5 28.
gxf3 Nd3+ 29. Kb1 Qf7 30. Qg3 a6 31. Ba4 N7c5 32. Bc2 Qc7 33. Qh4 Qb6 34. Bxd3
Nxd3 35. Rd2 Re8 36. Rhd1 Qe6 37. Qd4 Qe5 38. Qb6 Bc8 39. Ka1 Bf5 40. Qa5 Qd6
41. b3 Qe5 42. Rb1 Nf4 43. Rbd1 cxb3 44. axb3 Rc8 45. Kb2 Qd6 46. Qa4 Qc7 47.
Qd4 Ne6 48. Qxd5 Qxc3+ 49. Ka2 Rd8 50. Qxd8+ Nxd8 51. Rxd8+ Kf7 52. R8d2 Qxf3
53. Rc1 Qf4 54. Rdd1 Qxf2+ 55. Ka3 Qf4 56. Rh1 a5 57. Rc4 Qd6+ 58. Ka2 Qd2+ 59.
Ka3 Qd6+ 60. Ka2 Be6 61. Rf1+ Ke7 62. Rcf4 Qd5 63. R1f3 g5 64. Rf8 a4 65. Kb2
axb3 66. Rf2 Qd4+ 67. Kb1 Qd3+ 68. Kb2 g4 69. R8f4 g3 70. Rg2 Qe3 71. Rb4 Qxh6
72. Rb7+ Kd6 73. Re2 Qf6+ 74. Ka3 Qa1+ 75. Kb4 Qd4+ 76. Ka3 h5 77. Rh7 Qa1+ 78.
Kb4 b2 79. Rd2+ Ke5 80. Rxh5+ Bf5 81. Re2+ 0-1

[Event "World Rapid Women 2021"]
[Site "Warsaw POL"]
[Date "2021.12.28"]
[Round "11.29"]
[White "Beydullayeva, Govhar"]
[Black "Efroimski, Marsel"]
[Result "1-0"]
[WhiteTitle "WIM"]
[BlackTitle "IM"]
[WhiteElo "2290"]
[BlackElo "2429"]
[WhiteFideId "13413015"]
[BlackFideId "2810964"]
[EventDate "2021.12.26"]

1. Nf3 d5 2. g3 Nc6 3. d4 Bf5 4. a3 e6 5. Bg2 Be7 6. O-O h6 7. Nbd2 Nf6 8. c4
dxc4 9. Nxc4 Be4 10. e3 Bd5 11. Ncd2 Ne4 12. Qc2 Nxd2 13. Bxd2 f5 14. Rac1 O-O
15. Rfd1 a5 16. Ne1 h5 17. h4 f4 18. exf4 Nxd4 19. Qd3 c5 20. Be3 Bxg2 21. Nxg2
Nf3+ 22. Kf1 Qxd3+ 23. Rxd3 Rfd8 24. Rcd1 c4 25. Rxd8+ Rxd8 26. Rxd8+ Bxd8 27.
Ke2 Ng1+ 28. Kf1 Nf3 29. Ke2 Ng1+ 30. Kd1 Bf6 31. Ne1 Bxb2 32. f3 Nh3 33. a4 e5
34. fxe5 Bxe5 35. f4 Bc7 36. Ke2 g5 37. Kf3 g4+ 38. Ke4 Bd6 39. Kd5 Bb4 40. Nc2
c3 41. Ke6 Bf8 42. f5 Kh7 43. f6 Kg6 44. f7 Kg7 45. Bd4+ Kg6 46. Ne1 Kh7 47. Kd7
Kg6 48. Ke8 Bh6 49. Nc2 Kf5 50. Be3 Bg7 51. Bd4 Bh6 52. Bxc3 Nf2 53. Nd4+ Ke4
54. Ne6 Kd5 55. Bg7 Ne4 56. f8=Q Nd6+ 57. Ke7 1-0

[Event "World Rapid Women 2021"]
[Site "Warsaw POL"]
[Date "2021.12.28"]
[Round "11.30"]
[White "Zhukova, Natalia"]
[Black "Zabrzanska, Weronika"]
[Result "1-0"]
[WhiteTitle "GM"]
[WhiteElo "2335"]
[BlackElo "1923"]
[WhiteFideId "14101513"]
[BlackFideId "21825173"]
[EventDate "2021.12.26"]

1. c4 e6 2. Nc3 d5 3. d4 Nf6 4. cxd5 exd5 5. Bg5 Be7 6. e3 h6 7. Bh4 c6 8. Bd3
b6 9. Nge2 Ba6 10. Bxa6 Nxa6 11. Qa4 Nb4 12. Bxf6 gxf6 13. O-O b5 14. Qd1 Rg8
15. Ng3 Qd7 16. a4 bxa4 17. Nxa4 Qg4 18. Qxg4 Rxg4 19. Nf5 Bf8 20. Nb6 Rb8 21.
Rxa7 Rg5 22. Nd7 Rxf5 23. Nxb8 Bd6 24. Rb7 c5 25. Ra1 Kf8 26. dxc5 Be5 27. Rxb4
Kg7 28. f4 Bc7 29. Ra7 d4 30. Rxc7 1-0

[Event "World Rapid Women 2021"]
[Site "Warsaw POL"]
[Date "2021.12.28"]
[Round "11.31"]
[White "Fernandez, Maria Florencia"]
[Black "Zawadzka, Jolanta"]
[Result "0-1"]
[WhiteTitle "WIM"]
[BlackTitle "WGM"]
[WhiteElo "2229"]
[BlackElo "2426"]
[WhiteFideId "116459"]
[BlackFideId "1122320"]
[EventDate "2021.12.26"]

1. d4 d5 2. c4 e6 3. Nc3 a6 4. Qb3 dxc4 5. Qxc4 b5 6. Qd3 Bb7 7. Nf3 c5 8. e4
Nc6 9. Be3 cxd4 10. Nxd4 Ne5 11. Qd1 Bb4 12. Qb3 Bxc3+ 13. bxc3 Bxe4 14. a4 Nf6
15. f3 Bd3 16. Bxd3 Nxd3+ 17. Ke2 Nc5 18. Qb4 Rc8 19. axb5 Nd5 20. Qb2 Nxe3 21.
Kxe3 e5 22. Nc6 Qg5+ 23. f4 Qxf4+ 24. Ke2 Qc4+ 25. Kf3 Qd3+ 26. Kf2 Ne4+ 27. Ke1
Qe3+ 28. Kd1 Nxc3+ 29. Kc2 Nxb5 30. Rxa6 Nd4+ 31. Kd1 0-1

[Event "World Rapid Women 2021"]
[Site "Warsaw POL"]
[Date "2021.12.28"]
[Round "11.32"]
[White "Garcia Martin, Marta"]
[Black "Badelka, Olga"]
[Result "1/2-1/2"]
[WhiteTitle "IM"]
[BlackTitle "IM"]
[WhiteElo "2325"]
[BlackElo "2453"]
[WhiteFideId "32084030"]
[BlackFideId "13509926"]
[EventDate "2021.12.26"]

1. e4 e5 2. Nf3 Nc6 3. Bc4 Bc5 4. O-O Nf6 5. d3 h6 6. c3 d6 7. a4 a5 8. Re1 O-O
9. h3 Ba7 10. Nbd2 Ne7 11. Nf1 Ng6 12. Ng3 c6 13. Bb3 Re8 14. d4 Be6 15. Bc2 Qc7
16. Be3 Bb6 17. Qd2 Rad8 18. Nf5 Bxf5 19. exf5 Ne7 20. Bxh6 gxh6 21. Qxh6 Ned5
22. c4 Nb4 23. Qxf6 Qe7 24. Qh6 Qf8 25. Qh4 f6 26. Bb3 Bxd4 27. Nxd4 exd4 28.
c5+ d5 29. Qxd4 Na6 30. Bc2 Nxc5 31. b4 axb4 32. Qxb4 Rxe1+ 33. Rxe1 d4 34. Qc4+
Kh8 35. Bd1 b6 36. Bh5 d3 37. Re3 d2 38. Bd1 Rd7 39. Qe2 Kh7 40. Re8 Qh6 41.
Re7+ Rxe7 42. Qxe7+ Qg7 43. Qe3 Qh6 44. Qe7+ Qg7 45. Qd6 Qg5 46. Qxc6 Qxf5 47.
Qxb6 Qe4 48. Qc7+ Kh6 49. Kh2 Ne6 50. Qg3 Nf4 51. a5 Nxg2 52. Qxg2 Qe5+ 53. Qg3
Qxa5 54. Bc2 f5 55. Qf4+ Kg6 56. h4 Qc5 57. Qxd2 Qe5+ 58. Kh3 Kf7 59. Qe3 Qa1
60. Bb3+ Kf8 61. Qh6+ Ke8 62. Qe6+ Kd8 63. Qd6+ Ke8 64. Qc6+ Kd8 65. Qd5+ Ke8
66. Kg2 Qg7+ 67. Kf3 Qg4+ 68. Ke3 f4+ 69. Kd3 Qxh4 70. Ba4+ Kf8 71. Qd6+ Kg7 72.
Qe5+ Kf8 73. Qd6+ Kg7 74. Qd4+ Kf8 75. Bc6 Qh3+ 76. Kd2 Qh4 77. Bf3 Ke7 78. Ke2
Kf8 79. Qe5 Qh6 80. Bg4 Qh2 81. Kf3 Qh1+ 82. Ke2 Qh2 83. Qf6+ Ke8 84. Kf3 Qh1+
85. Kxf4 Qe4+ 86. Kg3 Qg2+ 87. Kh4 Qh3+ 88. Kg5 Qh4+ 89. Kf5 Qxf2+ 90. Kg6 Qxf6+ 1/2-1/2

[Event "World Rapid Women 2021"]
[Site "Warsaw POL"]
[Date "2021.12.28"]
[Round "11.33"]
[White "Mamedjarova, Turkan"]
[Black "Kolaric, Spela"]
[Result "1-0"]
[WhiteTitle "WGM"]
[BlackTitle "WFM"]
[WhiteElo "2264"]
[BlackElo "2185"]
[WhiteFideId "13402005"]
[BlackFideId "14607093"]
[EventDate "2021.12.26"]

1. d4 Nf6 2. c4 e6 3. Nc3 d5 4. Nf3 Be7 5. Bf4 O-O 6. e3 c5 7. dxc5 Bxc5 8. a3
Nc6 9. Bd3 Re8 10. cxd5 Nxd5 11. Nxd5 Qxd5 12. O-O Rd8 13. Bb5 Bb6 14. Qe2 Bd7
15. Rfd1 Qh5 16. Bg5 f6 17. Bf4 e5 18. Bc4+ Kh8 19. Bg3 Ne7 20. h3 Qe8 21. Bxe5
fxe5 22. Ng5 g6 23. Qf3 Qf8 24. Qxf8+ Rxf8 25. Rxd7 Kg7 26. Ne6+ Kf6 27. Nxf8
Rxf8 28. Rad1 Rc8 29. R1d6+ Kg5 30. Rxe7 Rxc4 31. Rxe5+ Kh6 32. Rd1 Rc2 33. Rb5
Re2 34. a4 1-0